UBT Library

Maternal Newborn nursing care; (Record no. 1496)

000 -LEADER
fixed length control field 00331nam a22001217a 4500
008 - FIXED-LENGTH DATA ELEMENTS--GENERAL INFORMATION
fixed length control field 160421b xxu||||| |||| 00| 0 eng d
020 ## - INTERNATIONAL STANDARD BOOK NUMBER
International Standard Book Number 9780131700260
020 ## - INTERNATIONAL STANDARD BOOK NUMBER
International Standard Book Number 013170026
041 ## - LANGUAGE CODE
Language code of text/sound track or separate title eng
080 ## - UNIVERSAL DECIMAL CLASSIFICATION NUMBER
Universal Decimal Classification number 618.2
245 ## - TITLE STATEMENT
Title Maternal Newborn nursing care;
Statement of responsibility, etc Patrica A.Wieland ;Marica L.London;Michele R.Davidson;
942 ## - ADDED ENTRY ELEMENTS (KOHA)
Source of classification or shelving scheme
Item type Books
Holdings
Withdrawn status Lost status Source of classification or shelving scheme Damaged status Not for loan Collection code Permanent location Current location Shelving location Date acquired Total Checkouts Full call number Barcode Date last seen Price effective from Koha item type
          Koleksioni i përgjithshem UBT - Lipjan UBT - Lipjan Koleksioni i përgjithshem 01/04/2017   618.2 LAD 002-036099 01/04/2017 01/04/2017 Books
          Koleksioni i përgjithshem UBT - Lipjan UBT - Lipjan Koleksioni i përgjithshem 01/19/2017   618.2 LAD 002-036307 01/19/2017 01/19/2017 Books
UBT Library © 2015-2024. All rights reserved University Education for Business and Technology